Sports Quiz

Random Sports or Baseball Quiz

MLB Facts in 2017 Quiz Stats

Quiz not verified by Sporcle

Challenge
Share
Tweet
Embed
Score 0/14 Timer 10:00
0 Plays Today
Hint Answer % Correct
Cubs 3rd BasemanKris Bryant
99.1%
Giants catcherPosey
86.2%
Most HR's in baseballAaron Judge
79.9%
Most wins (team) in baseballHouston Astros
78.6%
Who had a four home run game?Scooter Gennett
76.3%
Mets 1BDuda
72.3%
Most Stolen BasesBilly Hamilton
71.9%
Hint Answer % Correct
First no-hitter of 2017Edinson Volquez
58.9%
Worst Bullpen in MLBNats
53.6%
Mascot who gave a fan the middle fingerMr. Met
52.7%
Top prospectYoan Moncada
43.8%
Lowest Attendance BallparkTropicana Field
19.6%
Highest Attendance BallparkDodger Stadium
19.6%
The GOATColon
14.7%

You're not logged in!

Compare scores with friends on all Sporcle quizzes.
Sign Up with Email
OR
Log In

You Might Also Like...

Show Comments

Extras

Top Quizzes Today


Score Distribution

Your Account Isn't Verified!

In order to create a playlist on Sporcle, you need to verify the email address you used during registration. Go to your Sporcle Settings to finish the process.

Report this User

Report this user for behavior that violates our Community Guidelines.

Details: